000 00498nam a2200169 4500
001 120352
003 ES-MaACL
005 20230906191529.0
007 t|
008 070214s1962 sp r ||||1| spa d
245 0 0 _aPoesías populares de los vascos /
_cFrancisque Michel, Angel Irigaray.
260 _aSan Sebastián :
_bAuñamendi,
_c1962.
300 _a2 v. ;
_c19 cm.
700 1 _aMichel, Francisque.
_980892
700 1 _aIrigaray, Angel.
_965464
852 _aES-MaACL
_jA-5694-95
_bR.50785
999 _c120352
_d120352